Datum a čas kvízu
25
Celkem bodů
Celkový počet nahraných bodů na tomto kvízu bez doplňovacích otázek.
6.
Pořadí na kvízu
Konečné umístění týmu na tomto kvízu.
Zaznamenané odpovědi
| # | Otázka | Odpověď | Body | Výsledky |
|---|---|---|---|---|
| 1. | Minulý týden se podruhé oženil... | Jan Hamáček | 1 | |
| 2. | Záchranáři na nejvyšším anglic... | psa (bernardýna) | 0 | |
| 3. | Již příští měsíc by se na pult... | Mafia | 1 | |
| 4. | Další z tradičních výrobců fot... | Kodak | 1 | |
| 5. | Nejstarší klubová soutěž na sv... | Arsenal FC, Chelsea FC | 0.5 | |
| 6. | V tomto tématu se blíže podívá... | C | 0 | |
| 7. | Tato mapa vyznačuje jistý kult... | Laponsko | 1 | |
| 8. | Jak se nazývá ostrov ležící 30... | Utøya | 1 | |
| 9. | Tento Švéd se v poslední době... | Epidemiolog. | 1 | |
| 10. | Tato běžkyně na lyžích se s ka... | Marit Bjørgenová | 0 |